书目信息 |
| 题名: |
并网型太阳能光伏发电系统
|
|
| 作者: | 崔容强 编著 | |
| 分册: | ||
| 出版信息: | 北京 化学工业出版社 2008.04 |
|
| 页数: | 149页 | |
| 开本: | 24cm | |
| 丛书名: | 太阳能实用技术丛书 | |
| 单 册: | ||
| 中图分类: | TM615 | |
| 科图分类: | ||
| 主题词: | 太阳能发电 | |
| 电子资源: | ||
| ISBN: | 978-7-122-00630-1 | |
| 000 | 00681nam0 2200217 450 | |
| 001 | 0857914823 | |
| 005 | 20081223085053.16 | |
| 010 | @a978-7-122-00630-1@dCNY32.00 | |
| 100 | @a20081222d2008 km y0chiy0120 ea | |
| 101 | 0 | @achi |
| 102 | @aCN@b110000 | |
| 200 | 1 | @a并网型太阳能光伏发电系统@Abing wang xing tai yang neng guang fu fa dian xi tong@f崔容强等编著@Fcui rong qiang deng bian zhu |
| 210 | @a北京@c化学工业出版社@d2008.04 | |
| 215 | @a149页@d24cm | |
| 225 | 2 | @a太阳能实用技术丛书 |
| 410 | 0 | @12001 @a太阳能实用技术丛书 |
| 606 | 0 | @a太阳能发电 |
| 690 | @aTM615@v4 | |
| 701 | 0 | @a崔容强@Acui rong qiang@4编著 |
| 801 | 0 | @aCN@bNISOFT@c20081223 |
| 905 | @aBZT@dTM615@e1@f5 | |
| 并网型太阳能光伏发电系统/崔容强等编著.-北京:化学工业出版社,2008.04 |
| 149页;24cm.-(太阳能实用技术丛书) |
| ISBN 978-7-122-00630-1:CNY32.00 |
| ● |
| 相关链接 |
|
|
|
正题名:并网型太阳能光伏发电系统
索取号:TM615/1
 
预约/预借
| 序号 | 登录号 | 条形码 | 馆藏地/架位号 | 状态 | 备注 |
| 1 | 0693152 | 2000693152 | 样本书库/样007架B面2层3列/ [索取号:TM615/1] | 在馆 | |
| 2 | 0693153 | 2000693153 | 中心书库中库/ 中库029架A面2列4层32/ [索取号:TM615/1] | 在馆 | |
| 3 | 0693154 | 2000693154 | 中心书库中库/ 中库029架A面2列4层35/ [索取号:TM615/1] | 在馆 | |
| 4 | 0693155 | 2000693155 | 中心书库中库/ 中库029架A面2列4层33/ [索取号:TM615/1] | 在馆 | |
| 5 | 0693156 | 2000693156 | 中心书库中库/ 中库029架A面2列4层34/ [索取号:TM615/1] | 在馆 |